000 00764nam a22002177a 4500
003 OSt
005 20250221165729.0
008 230926b ||||| |||| 00| 0 eng d
040 _c0
082 _aDPer 379.1 J826 Winter - Spring 2020 v. 45 n. 3-4
100 _aSmith, Sharda Jackson.
_eauthor.
_949186
245 _aLouisiana /
_cSharda Jackson Smith
260 _aUnited States ;
_bUniversity of Illinois Press and Johns Hopkins University Press,
_cWinter 2020.
300 _avolume 45, pages 305-307.
500 _aJournal of Education Finance, v. 45 n. 3, pages 305-307, Winter 2020.
650 _aFinance.
_949187
650 _aBudget.
_949188
650 _aEducation.
_949189
700 _aSmith, Sharda Jackson.
_eauthor.
_949186
942 _2ddc
_cPER
999 _c18232
_d18232